000 01254nam a22002177a 4500
003 OSt
005 20260220134140.0
008 260220b |||||||| |||| 00| 0 eng d
037 _bDonación
040 _aCO-JMCR
_cspa
_dCO-JMCR
_bCO-JMCR
_erda
041 0 _aspa
082 0 4 _a351.75
_bC74u
110 1 _aColombia.
_bPresidencia de la República.
_bConsejería Presidencial para la Defensa y la Seguridad Nacional.
_944534
245 0 4 _aUna política de seguridad para la convivencia /
_cPresidencia de la República. Consejería Presidencial para la Defensa y Seguridad Nacional.
260 _aSantafé de Bogotá :
_bAvance Gráfico,
_c1994.
300 _a465 páginas :
_bilustraciones;
_c21 cm.
505 0 _aEl manejo regional de la seguridad -- reforma y fortalecimiento de la fuerza pública y de la inteligencia -- La promoción y protección de los derechos humanos -- El proceso de robustecimiento de la justicia -- Del estado de sitio a los estados de excepción -- La política de paz -- El estatuto antisecuestro -- Mayores controles al porte y tenencia de armas y reforma a la vigilancia privada.
650 7 _aSeguridad nacional
_xLegislación
_zColombia.
_2JMCR
_944535
650 7 _aLey marcial (Derecho)
_2JMCR
_944536
942 _cBK
999 _c31151
_d17535